Архитектура интернет-приложений / ДО 2023 (27.03.02): электронный курс
| Egile nagusia: | |
|---|---|
| Erakunde egilea: | |
| Gaia: | Заглавие с экрана Основной целью курса является формирование у обучающихся теоретических знаний, практических умений и начальных навыков использования современных методов и программных средств в области проектирования интерактивных веб-приложений. В результате изучения дисциплины студенты должны научиться разрабатывать интернет-приложения на основе современных подходов к построению веб-каркасов и проектированию HTML-документов, должны изучить архитектуру и этапы разработки интернет-приложений, дополнительные средства, используемые для разработки веб-приложений на каждом этапе их жизненного цикла Интерактивный мультимедиа ресурс AM_Login_TPU |
| Hizkuntza: | errusiera |
| Argitaratua: |
Томск, TPU Moodle, 2024
|
| Gaiak: | |
| Sarrera elektronikoa: | https://design.lms.tpu.ru/course/view.php?id=5089 |
| Formatua: | Baliabide elektronikoa Liburua |
| KOHA link: | https://koha.lib.tpu.ru/cgi-bin/koha/opac-detail.pl?biblionumber=677342 |
MARC
| LEADER | 00000nlm0a2200000 4500 | ||
|---|---|---|---|
| 001 | 677342 | ||
| 005 | 20241212093143.0 | ||
| 090 | |a 677342 | ||
| 100 | |a 20241211d2024 m||y0rusy50 ca | ||
| 101 | 0 | |a rus | |
| 102 | |a RU | ||
| 105 | |a a j 000yy | ||
| 135 | |a jrcn ---uucaa | ||
| 181 | 0 | |a i |b e | |
| 182 | 0 | |a b | |
| 183 | 0 | |a cr |2 RDAcarrier | |
| 200 | 1 | |a Архитектура интернет-приложений / ДО 2023 (27.03.02) |e электронный курс |f И. А. Ботыгин |g Национальный исследовательский Томский политехнический университет, Отделение информационных технологий | |
| 203 | |a Текст |c электронный |b визуальный | ||
| 210 | |a Томск |c TPU Moodle |d 2024 | ||
| 283 | |a online_resource |2 RDAcarrier | ||
| 300 | |a Заглавие с экрана | ||
| 330 | |a Основной целью курса является формирование у обучающихся теоретических знаний, практических умений и начальных навыков использования современных методов и программных средств в области проектирования интерактивных веб-приложений. В результате изучения дисциплины студенты должны научиться разрабатывать интернет-приложения на основе современных подходов к построению веб-каркасов и проектированию HTML-документов, должны изучить архитектуру и этапы разработки интернет-приложений, дополнительные средства, используемые для разработки веб-приложений на каждом этапе их жизненного цикла | ||
| 336 | |a Интерактивный мультимедиа ресурс | ||
| 371 | |a AM_Login_TPU | ||
| 606 | 1 | |a Интернет-приложения |9 85383 | |
| 610 | 1 | |a электронный ресурс | |
| 610 | 1 | |a труды учёных ТПУ | |
| 610 | 1 | |a электронное обучение | |
| 610 | 1 | |a кампусные онлайн-курсы | |
| 610 | 1 | |a дистанционное образование | |
| 610 | 1 | |a дистанционное обучение | |
| 610 | 1 | |a e-learning | |
| 610 | 1 | |a Moodle | |
| 610 | 1 | |a веб-приложения | |
| 610 | 1 | |a архитектура | |
| 610 | 1 | |a язык гипертекстовой разметки | |
| 610 | 1 | |a HTML | |
| 610 | 1 | |a декодирование | |
| 610 | 1 | |a каскадные таблицы стилей | |
| 610 | 1 | |a CSS | |
| 610 | 1 | |a JavaScript | |
| 675 | |a 004.728.8(075.8) |v 4 | ||
| 700 | 1 | |a Ботыгин |b И. А. |c специалист в области информатики и вычислительной техники |c доцент Томского политехнического университета, кандидат технических наук |f 1947- |g Игорь Александрович |9 11270 | |
| 712 | 0 | 2 | |a Национальный исследовательский Томский политехнический университет |b Инженерная школа информационных технологий и робототехники |b Отделение информационных технологий |9 28331 |4 570 |
| 801 | 0 | |a RU |b 63413507 |c 20241211 |g RCR | |
| 850 | |a 63413507 | ||
| 856 | 4 | |u https://design.lms.tpu.ru/course/view.php?id=5089 |z https://design.lms.tpu.ru/course/view.php?id=5089 | |
| 942 | |c CF | ||